<?xml version="1.0" encoding="UTF-8"?>
<record
    xmlns:xsi="http://www.w3.org/2001/XMLSchema-instance"
    xsi:schemaLocation="http://www.loc.gov/MARC21/slim http://www.loc.gov/standards/marcxml/schema/MARC21slim.xsd"
    xmlns="http://www.loc.gov/MARC21/slim">

  <leader>03992nam a22003254c 4500</leader>
  <controlfield tag="003">AR-BaSMT</controlfield>
  <controlfield tag="008">260327t2018     ag||||gr|||| 001 1 spa d</controlfield>
  <datafield tag="020" ind1=" " ind2=" ">
    <subfield code="a">9789507535734</subfield>
  </datafield>
  <datafield tag="040" ind1=" " ind2=" ">
    <subfield code="a">BSGB</subfield>
    <subfield code="b">espa&#xF1;ol</subfield>
    <subfield code="e">rda</subfield>
  </datafield>
  <datafield tag="041" ind1="0" ind2=" ">
    <subfield code="a">spa</subfield>
    <subfield code="h">espa&#xF1;ol</subfield>
  </datafield>
  <datafield tag="080" ind1=" " ind2=" ">
    <subfield code="a">82-343</subfield>
  </datafield>
  <datafield tag="245" ind1="0" ind2="0">
    <subfield code="a">Leyendas, mitos y relatos populares</subfield>
    <subfield code="c">versiones de Miguel P. Soler.</subfield>
  </datafield>
  <datafield tag="250" ind1=" " ind2=" ">
    <subfield code="a">1a edici&#xF3;n.</subfield>
  </datafield>
  <datafield tag="264" ind1=" " ind2=" ">
    <subfield code="a">Buenos Aires : </subfield>
    <subfield code="b">C&#xE1;ntaro, </subfield>
    <subfield code="c">2018</subfield>
  </datafield>
  <datafield tag="300" ind1=" " ind2=" ">
    <subfield code="a">118 p&#xE1;ginas.</subfield>
  </datafield>
  <datafield tag="336" ind1=" " ind2=" ">
    <subfield code="a">Texto</subfield>
  </datafield>
  <datafield tag="337" ind1=" " ind2=" ">
    <subfield code="a">Sin mediaci&#xF3;n</subfield>
  </datafield>
  <datafield tag="338" ind1=" " ind2=" ">
    <subfield code="a">Vol&#xFA;men</subfield>
  </datafield>
  <datafield tag="490" ind1=" " ind2=" ">
    <subfield code="a">Colecci&#xF3;n Del Mirador</subfield>
    <subfield code="v">268</subfield>
  </datafield>
  <datafield tag="500" ind1=" " ind2=" ">
    <subfield code="a">Pr&#xF3;logo de Valeria Judith Stefani.</subfield>
  </datafield>
  <datafield tag="504" ind1=" " ind2=" ">
    <subfield code="a">Bibliograf&#xED;a: p. [117]-118.</subfield>
  </datafield>
  <datafield tag="505" ind1=" " ind2=" ">
    <subfield code="a">&#xCD;ndice
Puertas de acceso.............................................................................................. 3
Las voces del tiempo ......................................................................................5
Origen y transmisi&#xF3;n ...................................................................................6
Una multiplicidad de voces ......................................................................8
Variedades................................................................................................................9
Nuevos relatos: m&#xE1;s all&#xE1; de la tradici&#xF3;n ...................................... 18
La obra...................................................................................................................21
I. El fuego (leyendas originarias)....................................................... 21
Los cambios de la luna ............................................................................. 26
El &#xFA;ltimo fuego ............................................................................................... 31
La flor de ceibo................................................................................................ 36
II. El habla (relatos folkl&#xF3;ricos).......................................................... 41
El zorro y el tigre............................................................................................ 45
El juramento del zorro............................................................................... 50
Un paseo en cesta .......................................................................................... 56
III. Las huellas (relatos sobre seres m&#xED;ticos).............................. 59
El Uturunco....................................................................................................... 63
El Pombero......................................................................................................... 69
La Umita .............................................................................................................. 76
IV. Los muertos (leyendas urbanas)................................................ 85
La ciudad sin campanas............................................................................ 90
La dama de blanco........................................................................................ 97
El castillo de los bichos..........................................................................107
Bibliograf&#xED;a .................................................................................................... 117</subfield>
  </datafield>
  <datafield tag="520" ind1=" " ind2=" ">
    <subfield code="a">&#x201C;Las historias son como el fuego&#x201D; dice el narrador, &#x201C;y saltan incendiarias de rama en rama, de generaci&#xF3;n en generaci&#xF3;n&#x201D;. Leyendas originarias, cuentos folkl&#xF3;ricos, relatos m&#xED;ticos y leyendas urbanas se entretejen en las p&#xE1;ginas de este libro y van formando un recorrido. El fuego, el habla, las huellas y los muertos nos gu&#xED;an para descubrir las narraciones que nos pueblan, que nos atraviesan y nos dan una identidad com&#xFA;n. Al fin y al cabo, estamos hechos de palabras.</subfield>
  </datafield>
  <datafield tag="521" ind1=" " ind2=" ">
    <subfield code="a">P&#xFA;blico general</subfield>
  </datafield>
  <datafield tag="650" ind1=" " ind2="7">
    <subfield code="9">103</subfield>
    <subfield code="a">MITOS Y LEYENDAS</subfield>
  </datafield>
  <datafield tag="650" ind1=" " ind2="7">
    <subfield code="9">23</subfield>
    <subfield code="a">CUENTO</subfield>
  </datafield>
  <datafield tag="700" ind1=" " ind2=" ">
    <subfield code="a">Soler, Miguel P. </subfield>
    <subfield code="e">Compilador</subfield>
    <subfield code="9">437</subfield>
  </datafield>
  <datafield tag="942" ind1=" " ind2=" ">
    <subfield code="2">udc</subfield>
    <subfield code="a">BOOK</subfield>
  </datafield>
  <datafield tag="999" ind1=" " ind2=" ">
    <subfield code="c">605</subfield>
    <subfield code="d">605</subfield>
  </datafield>
  <datafield tag="952" ind1=" " ind2=" ">
    <subfield code="0">0</subfield>
    <subfield code="1">0</subfield>
    <subfield code="2">ddc</subfield>
    <subfield code="4">0</subfield>
    <subfield code="a">BSGB</subfield>
    <subfield code="b">BSGB</subfield>
    <subfield code="c">Literatura Secundaria</subfield>
    <subfield code="e">Donaci&#xF3;n</subfield>
    <subfield code="i">030422</subfield>
    <subfield code="l">0</subfield>
    <subfield code="o">82-343 SOL</subfield>
    <subfield code="p">030422</subfield>
    <subfield code="t">1</subfield>
    <subfield code="y">BOOK</subfield>
    <subfield code="f"></subfield>
  </datafield>
  <datafield tag="952" ind1=" " ind2=" ">
    <subfield code="0">0</subfield>
    <subfield code="1">0</subfield>
    <subfield code="2">ddc</subfield>
    <subfield code="4">0</subfield>
    <subfield code="a">BSGB</subfield>
    <subfield code="b">BSGB</subfield>
    <subfield code="c">Literatura Secundaria</subfield>
    <subfield code="e">Donaci&#xF3;n</subfield>
    <subfield code="i">000703</subfield>
    <subfield code="l">0</subfield>
    <subfield code="o">82-343 SOL</subfield>
    <subfield code="p">000703</subfield>
    <subfield code="t">1</subfield>
    <subfield code="y">BOOK</subfield>
  </datafield>
</record>
